Lovett's lights on Romans. (Record no. 5692)

000 -LEADER
fixed length control field 00595nam a2200181 a 4500
001 - CONTROL NUMBER
control field :::00003434$&:&@@
003 - CONTROL NUMBER IDENTIFIER
control field OkBaRHE
005 - DATE AND TIME OF LATEST TRANSACTION
control field 20000607103305.0
008 - FIXED-LENGTH DATA ELEMENTS--GENERAL INFORMATION
fixed length control field s1975 j 000 0 eng u
040 ## - CATALOGING SOURCE
Transcribing agency
100 1# - MAIN ENTRY--PERSONAL NAME
Personal name Lovett, C. S. (Cummings Samuel), 1917-
245 10 - TITLE STATEMENT
Title Lovett's lights on Romans.
260 ## - PUBLICATION, DISTRIBUTION, ETC. (IMPRINT)
Place of publication, distribution, etc Baldwin Park, CA., :
Name of publisher, distributor, etc Personal Christianity
Date of publication, distribution, etc c1975
300 ## - PHYSICAL DESCRIPTION
Extent 419 p. : illus. ;
Dimensions 21 cm.
650 ## - SUBJECT ADDED ENTRY--TOPICAL TERM
Topical term or geographic name as entry element Bible New Testament Romans
General subdivision Paraphrases
942 ## - ADDED ENTRY ELEMENTS (KOHA)
Source of classification or shelving scheme
Koha item type Books
Copies
Barcode Date last seen Damaged status Price effective from Date acquired Withdrawn status Lost status Shelving location Not for loan Full call number Copy number Source of classification or shelving scheme Koha item type Permanent Location
34342018-03-28 2010-04-142010-04-14  General Stacks BS 2665 .L5881 BooksRHEMA Bible Training College